dsRNA genetic elements : concepts and applications in agriculture, forestry, and medicine : Chapter 9 (Record no. 1411)

MARC details
000 -LEADER
fixed length control field 01386naa a22003257u 4500
001 - CONTROL NUMBER
control field 04086
003 - CONTROL NUMBER IDENTIFIER
control field HDC
007 - PHYSICAL DESCRIPTION FIXED FIELD--GENERAL INFORMATION
fixed length control field cr bn ---aaaaa
008 - FIXED-LENGTH DATA ELEMENTS--GENERAL INFORMATION
fixed length control field 210114t2002 flu 000 0 may
020 ## - INTERNATIONAL STANDARD BOOK NUMBER
International Standard Book Number 0849322057 (alk. paper)
040 ## - CATALOGING SOURCE
Original cataloging agency HDC
100 ## - MAIN ENTRY--PERSONAL NAME
Personal name Ghabrial, Said A.
Relator term author
9 (RLIN) 4150
245 #0 - TITLE STATEMENT
Title dsRNA genetic elements : concepts and applications in agriculture, forestry, and medicine : Chapter 9
Remainder of title Molecular Genetics of the Viruses Infecting the Plant Pathogenic Fungus Helminthosporium Victoriae /
Statement of responsibility, etc. by Said A. Ghabrial, Ana I. Soldevila, and Wendy M. Havens ; edited by Stellos M. Tavantzis.
260 ## - PUBLICATION, DISTRIBUTION, ETC.
Place of publication, distribution, etc. Boca Raton, FL :
Name of publisher, distributor, etc. CRC Press,
Date of publication, distribution, etc. 2002
300 ## - PHYSICAL DESCRIPTION
Extent 24 pages :
Other physical details illustrations
336 ## - CONTENT TYPE
Content type term text
Source rdacontent
337 ## - MEDIA TYPE
Media type term computer
Source rdamedia
338 ## - CARRIER TYPE
Carrier type term online resource
Source rdacarrier
504 ## - BIBLIOGRAPHY, ETC. NOTE
Bibliography, etc. note Includes bibliographical references and index.
650 ## - SUBJECT ADDED ENTRY--TOPICAL TERM
Topical term or geographic name entry element Agriculture applications
9 (RLIN) 4127
650 ## - SUBJECT ADDED ENTRY--TOPICAL TERM
Topical term or geographic name entry element Double-stranded RNA
9 (RLIN) 4126
650 ## - SUBJECT ADDED ENTRY--TOPICAL TERM
Topical term or geographic name entry element Medicine concepts
9 (RLIN) 4128
700 ## - ADDED ENTRY--PERSONAL NAME
Personal name Havens,Wendy M.
Relator term author
9 (RLIN) 4152
700 ## - ADDED ENTRY--PERSONAL NAME
Personal name Soldevila, Ana I.
Relator term author
9 (RLIN) 4151
700 ## - ADDED ENTRY--PERSONAL NAME
Personal name Tavantzis, Stylianos Michael.
Relator term editor
9 (RLIN) 4129
856 ## - ELECTRONIC LOCATION AND ACCESS
Public note Request full-text at [email protected]
942 ## - ADDED ENTRY ELEMENTS (KOHA)
Source of classification or shelving scheme Library of Congress Classification
942 ## - ADDED ENTRY ELEMENTS (KOHA)
Koha item type Chapter in Books
942 ## - ADDED ENTRY ELEMENTS (KOHA)
Call number prefix EBCH 003347
Holdings
Withdrawn status Lost status Source of classification or shelving scheme Damaged status Not for loan Home library Current library Shelving location Date acquired Total checkouts Full call number Date last seen Price effective from Koha item type
    Library of Congress Classification     Halal Development Corporation Library Halal Development Corporation Library Open Shelves 24/05/2023   EBCH 003347 24/05/2023 24/05/2023 Chapter in Books
Halal Development Corporation Berhad (HDC)
5.02 Level 5, KPMG Tower, First Avenue, Persiaran Bandar Utama, 47800 Petaling Jaya, Selangor Darul Ehsan
Phone: +603 7965 5489 Email: [email protected]